[Event "Girona Gerunda op"]
[Site "Girona"]
[Date "2021.07.21"]
[Round "6"]
[White "Insa Pujolar, Marti"]
[Black "Farre I Benseny, Miquel"]
[Result "0-1"]
[WhiteElo "1885"]
[BlackElo "2078"]
[PlyCount "54"]
[EventDate "2021.07.19"]
[EventType "swiss"]
[EventRounds "9"]
[EventCountry "ESP"]
[SourceTitle "EXT 2022"]
[Source "ChessBase"]
[SourceDate "2021.10.06"]
[SourceVersion "1"]
[SourceVersionDate "2021.10.06"]
[SourceQuality "1"]

1. e4 e5 2. Nf3 Nc6 3. Bb5 a6 4. Ba4 Nf6 5. Qe2 b5 6. Bb3 Be7 7. c3 0-0 8. a4 b4 9. a5 d5 10. d3 bxc3 11. bxc3 Rb8 12. Bc2 d4 13. cxd4 Nxd4 14. Qd1 Bg4 15. Nbd2 Bb4 16. h3 Bxf3 17. gxf3 Nh5 18. Ba3 c5 19. Bxb4 cxb4 20. Nb3 Nf4 21. Nxd4 Qxd4 22. Rb1 Rfc8 23. Rb3 Rc5 24. 0-0 Qd7 25. Qd2 Qxh3 26. Qxf4 exf4 27. Bb1 Rg5# 0-1

[Event "Girona Gerunda op"]
[Site "Girona"]
[Date "2021.07.19"]
[Round "2"]
[White "Valle Luis, Leo"]
[Black "Insa Pujolar, Marti"]
[Result "1-0"]
[WhiteElo "2134"]
[BlackElo "1885"]
[PlyCount "99"]
[EventDate "2021.07.19"]
[EventType "swiss"]
[EventRounds "9"]
[EventCountry "ESP"]
[SourceTitle "EXT 2022"]
[Source "ChessBase"]
[SourceDate "2021.10.06"]
[SourceVersion "1"]
[SourceVersionDate "2021.10.06"]
[SourceQuality "1"]

1. e4 c5 2. Nf3 g6 3. d4 cxd4 4. Qxd4 Nf6 5. e5 Nc6 6. Qa4 Nd5 7. Qe4 Nc7 8. Bc4 Ne6 9. 0-0 Bg7 10. Nc3 0-0 11. Rd1 b6 12. b3 Bb7 13. Qe3 Nb4 14. Ne1 Qc7 15. f4 Bh6 16. Qg3 Qc5+ 17. Kh1 Nd4 18. Na4 Qc6 19. Rxd4 b5 20. c3 d5 21. cxb4 bxc4 22. Nc5 Qb6 23. Nc2 cxb3 24. axb3 Qb5 25. Qd3 Qxd3 26. Rxd3 Rfc8 27. Nd4 Rc7 28. e6 Bg7 29. Bb2 Bxd4 30. Bxd4 Bc8 31. Be5 Rc6 32. exf7+ Kxf7 33. Rxd5 Be6 34. Nxe6 Kxe6 35. Rc5 Rb6 36. Re1 Kf7 37. b5 a6 38. Bc7 Rxb5 39. Rxb5 axb5 40. Bb6 Rc8 41. b4 Rc4 42. Bc5 Rxf4 43. Rxe7+ Kf6 44. g3 Rf1+ 45. Kg2 Rb1 46. Rxh7 Rb2+ 47. Kh3 Kf5 48. Rf7+ Ke6 49. Rb7 Kf5 50. Rxb5 1-0

[Event "Figueres Nadal op 9th"]
[Site "Figueres"]
[Date "2020.01.02"]
[Round "1"]
[White "Lazaro Perez, Roger"]
[Black "Insa Pujolar, Marti"]
[Result "0-1"]
[WhiteElo "1228"]
[BlackElo "1633"]
[PlyCount "36"]
[EventDate "2020.01.02"]
[EventType "swiss"]
[EventRounds "8"]
[EventCountry "ESP"]
[SourceTitle "CBM 194 Extra"]
[Source "ChessBase"]
[SourceDate "2020.03.31"]
[SourceVersion "1"]
[SourceVersionDate "2020.03.31"]
[SourceQuality "1"]

1. e4 e6 2. d4 d5 3. Nc3 Bb4 4. Bb5+ c6 5. Ba4 Bxc3+ 6. bxc3 dxe4 7. Nh3 Nf6 8. Bg5 Qa5 9. Bxf6 gxf6 10. Bb3 Qxc3+ 11. Kf1 b6 12. Ba4 Qc4+ 13. Qe2 Qxa4 14. Qxe4 Ba6+ 15. Kg1 Nd7 16. Qg4 0-0-0 17. Qg7 Qxd4 18. Qxf7 Qxa1# 0-1

[Event "Miquel Mas op 19th"]
[Site "Castell de Sant Ferran"]
[Date "2018.08.12"]
[Round "5"]
[White "Insa Pujolar, Marti"]
[Black "Villa Carrillo, Julio"]
[Result "1-0"]
[WhiteElo "1406"]
[BlackElo "1482"]
[PlyCount "43"]
[EventDate "2018.08.09"]
[EventType "swiss"]
[EventRounds "9"]
[EventCountry "ESP"]
[SourceTitle "CBM 186 Extra"]
[Source "ChessBase"]
[SourceDate "2018.08.24"]
[SourceVersion "1"]
[SourceVersionDate "2018.08.24"]
[SourceQuality "1"]

1. e4 c5 2. Nf3 Nc6 3. Bb5 d6 4. c3 Bd7 5. 0-0 Nf6 6. Re1 g6 7. d4 cxd4 8. cxd4 Qb6 9. Nc3 0-0-0 10. h3 a6 11. Bc4 Be8 12. Be3 Na5 13. d5 Qc7 14. Bd3 Kb8 15. Na4 Bxa4 16. Qxa4 b5 17. Bxb5 axb5 18. Qxb5+ Nb7 19. Bb6 Qd7 20. Qc6 Nc5 21. Bxc5 dxc5 22. Ne5 1-0